000 00573nam a2200229Ia 4500
003 OSt
005 20221005130441.0
006 a|||||r|||| 00| 0
007 ta
008 221004b |||||||| |||| 00| 0 eng d
024 _a26254
037 _cTextual
040 _aCRL
_cCRL
_beng
041 _2eng
_aeng
082 _aX5425.2'N26t, F6
245 0 _aReport on the work of the imperial shipping committee
260 _c1926
300 _a11p.
_ccm.
650 _aECONOMICS
942 _hX5425.2'N26t, F6
_cTEXL
_2cc
999 _c1057284
_d1057284